Responses for show #5246 - Monday, June 4, 2007

Contestants

[<< previous game]

John Walsh, a writer from Santa Monica, California

Leigh Bachman, a brand strategist from Cincinnati, Ohio

Mike Donner, a construction worker from Norfolk, Virginia (whose 2-day cash winnings total $30,599)

[next game >>]

Jeopardy! Round responses

DIRE STRAITS
I WANT MY "M" TV
MONEY FOR NOTHING
THE WOK OF LIFE
THE SULTANS
OF WING
    $200 1
Gibraltar

Leigh
    $200 2
Maverick

John
    $200 7
a handout

Leigh
    $200 12
shrimp

Leigh
    $200 16
(Alex: Sorry, Mike, not quickly enough.)

the guitar

Triple Stumper
    $200 22
4

Mike
    $400 27
the Red Sea

Mike
    $400 3
The Muppets

Leigh
    $400 8
bankrupt

John
    $400 13
duck

John
    $400 17
(Mike: What is Algeria?)

Morocco

MikeJohn
    $400 23
a condor

Mike
    $600 28
the Indian & the Pacific

Mike
    $600 4
Mayberry R.F.D.

John
    $600 9
bonus

Leigh
    $600 14
(Mike: What is beef?)
(Leigh: What is chicken?)

lamb

MikeLeigh
Triple Stumper
    $2,000 18
Cairo

John
    $600 24
a ray

Mike
    $800 29
Cabot

Leigh
    $800 5
(Alex: Yeah, the double "M".)

Mork & Mindy

John
    $800 10
pro bono

Mike
    $800 15
mu shu

John
    $800 19
(Alex: Part of it in the name also. [*].)

Zanzibar

Triple Stumper
    $800 25
an albatross

John
    $1000 30
(Mike: What is the Dardanelles?)
...
(Alex: You were very close, Mike. What is [*]? [*].)

the Bosporus

Mike
Triple Stumper
    $1000 6
McMillan & Wife

Leigh
    $1000 11
a subsidy

John
    $1000 21
twice-cooked pork

John
    $1000 20
Brunei

John
    $1000 26
(John: What are boned?)

hand wings

John
Triple Stumper

Scores at the first commercial break (after clue 15):

Mike Leigh John
$200 $2,000 $4,200

Scores at the end of the Jeopardy! Round:

Mike Leigh John
$1,000 $2,800 $8,400

Double Jeopardy! Round responses

MUSIC
BASEBALL: THE 1960s
(Alex: What a decade.)
"C" IN SHAKESPEARE
20th CENTURY FASHION
AN ECUMENICAL CATEGORY
HIDDEN CITIES
(Alex: You have to identify the city whose name is within the clue--and the letters are in their proper order.)
    $400 17
Choir

John
    $400 16
Mantle & Maris

Mike
    $400 9
curtsy

John
    $400 8
a wedding

John
    $400 6
Hinduism

Mike
    $400 1
Rome (Nero met)

Mike
    $800 23
B

Leigh
    $800 24
Willie Mays

Mike
    $800 10
(Leigh: What is Oxford?)
...
(Alex: Remember, the "C" is in quotation marks--each correct response--so it's not Oxford, it is [*].)

Cambridge

Leigh
Triple Stumper
    $800 12
a sweater girl

Triple Stumper
    $800 7
the Koran

Leigh
    $800 2
Madrid (mad riding)

Mike
    $1200 30
(Mike: What is a bass?)
(Alex: Be more specific.)
(Mike: What is [*]?)

a double bass

Mike
    $1200 25
the Boston Red Sox

Leigh
    $1200 11
Cassius

Leigh
    $1200 13
shoes

Leigh
    $1200 20
the Coptics

John
    $2,200 3
(Mike: I'd like to make it a True Daily Double, please, Alex.)
(Alex: All right. You're confident because you're good in this kind of game.)

El Paso (Help a soldier)

Mike
    $1600 29
glissando

John
    $1600 26
the Mets

Mike
    $1,000 18
The Comedy of Errors

John
    $1600 14
Barbie

Leigh
    $1600 21
Shema Yisrael

Triple Stumper
    $1600 4
Oslo (Enos lost)

Mike
    $2000 28
(Leight: What is libretto?)

a recitativo

LeighJohn
    $2000 27
Jim Bunning

Triple Stumper
    $2000 19
Caliban

John
    $2000 15
(John: Who was Chanel?)

Christian Dior

John
Triple Stumper
    $2000 22
(Mike: What is Buddha?)
(Leigh: What is Lama?)

Bodhisattva

MikeLeigh
Triple Stumper
    $2000 5
Perth (super theme)

Triple Stumper

Scores at the end of the Double Jeopardy! Round:

Mike Leigh John
$8,400 $4,800 $15,400

[wagering suggestions for these scores]

Final Jeopardy! Round responses

OSCAR-WINNING ACTRESSES
LeighWho are Dench and K Hepburn?
$4,800
MikeWho are Streep & Lane?
$8,400
JohnWho are Olympia Dukakis & Meryl Streep
$1,500
(2 of) Meryl Streep, Ingrid Bergman, Helen Hayes, Jessica Lange, & Maggie Smith

Final scores:

Mike Leigh John
$0 $0 $13,900
2nd place: $2,000 3rd place: $1,000 New champion: $13,900

Game dynamics:

Coryat scores:

Mike Leigh John
$7,400 $4,800 $14,600
15 R
(including 1 DD),
4 W
13 R,
4 W
20 R
(including 2 DDs),
2 W

Combined Coryat: $26,800

The J! Archive is created by fans, for fans. The Jeopardy! game show and all elements thereof, including but not limited to copyright and trademark thereto, are the property of Jeopardy Productions, Inc. and are protected under law. This website is not affiliated with, sponsored by, or operated by Jeopardy Productions, Inc. Join the discussion at JBoard.tv.